Els noms populars de núvols, boires i vents del Camp de Tarragona, la Conca de Barberà i el Priorat (Registre núm. 67697)
[ vista simple ]
| 000 -LEADER | |
|---|---|
| campo de control de longitud fija | 01320aam a2200493a 44500 |
| 008 - DATOS DE LONGITUD FIJA--INFORMACIÓN GENERAL | |
| campo de control de longitud fija | 201028s2016 cat |
| 020 ## - NÚMERO INTERNACIONAL ESTÁNDAR DEL LIBRO | |
| Número Internacional Estándar del Libro | 9788461753888 |
| 041 ## - CÓDIGO DE IDIOMA | |
| Código de lengua del texto/banda sonora o título independiente | cat |
| 080 ## - NÚMERO DE LA CLASIFICACIÓN DECIMAL UNIVERSAL | |
| Número de la Clasificación Decimal Universal | 551.5(038) |
| 100 ## - ENTRADA PRINCIPAL--NOMBRE DE PERSONA | |
| Nombre de persona | Manent i Segimon, Albert |
| 9 (RLIN) | 62596 |
| 245 ## - MENCIÓN DEL TÍTULO | |
| Título | Els noms populars de núvols, boires i vents del Camp de Tarragona, la Conca de Barberà i el Priorat |
| 245 ## - MENCIÓN DEL TÍTULO | |
| Mención de responsabilidad, etc. | Albert Manent i Segimon |
| 245 ## - MENCIÓN DEL TÍTULO | |
| Mención de responsabilidad, etc. | Jaume Sabaté i Alentorn |
| 250 ## - MENCION DE EDICION | |
| Mención de edición | 3a ed |
| 260 ## - PUBLICACIÓN, DISTRIBUCIÓN, ETC. | |
| Lugar de publicación, distribución, etc. | Reus |
| 260 ## - PUBLICACIÓN, DISTRIBUCIÓN, ETC. | |
| Nombre del editor, distribuidor, etc. | La Mussara |
| 260 ## - PUBLICACIÓN, DISTRIBUCIÓN, ETC. | |
| Fecha de publicación, distribución, etc. | 2016 |
| 300 ## - DESCRIPCIÓN FÍSICA | |
| Extensión | 248 p. |
| Otras características físicas | il. |
| Dimensiones | 21 cm |
| 365 ## - PRECIO COMERCIAL | |
| Cantidad | 20.00 |
| 365 ## - PRECIO COMERCIAL | |
| Código de moneda | euros |
| 490 ## - MENCIÓN DE SERIE | |
| Mención de serie | Meteorologia Popular; |
| Designación de volumen o secuencia | 1 |
| 500 ## - NOTA GENERAL | |
| Nota general | Bibliografia |
| 520 ## - RESUMEN, ETC. | |
| Nombre de termes | aprox. 400 |
| 522 ## - NOTA DE ÁMBITO GEOGRÁFICO | |
| Nota de ámbito geográfico | Tarragona, Conca de Barberà, Priorat |
| 546 ## - NOTA DE IDIOMA | |
| Llengua de les definicions | català |
| 591 ## - Codi de font | |
| Codi de font | 10799 |
| 592 ## - Tipus obra | |
| Tipus d'obra | Obra terminològica |
| 593 ## - Codi CGAT | |
| Codi de la CGAT | CE |
| 593 ## - Codi CGAT | |
| Codi de la CGAT | CEP |
| 593 ## - Codi CGAT | |
| Codi de la CGAT | CEQ |
| 594 ## - Número de document | |
| Número de document | 10799 |
| 650 ## - PUNTO DE ACCESO ADICIONAL DE MATERIA--TÉRMINO DE MATERIA | |
| Término de materia o nombre geográfico como elemento de entrada | boira |
| 9 (RLIN) | 71625 |
| 650 ## - PUNTO DE ACCESO ADICIONAL DE MATERIA--TÉRMINO DE MATERIA | |
| Término de materia o nombre geográfico como elemento de entrada | meteorologia |
| 9 (RLIN) | 61036 |
| 650 ## - PUNTO DE ACCESO ADICIONAL DE MATERIA--TÉRMINO DE MATERIA | |
| Término de materia o nombre geográfico como elemento de entrada | núvols |
| 9 (RLIN) | 64204 |
| 650 ## - PUNTO DE ACCESO ADICIONAL DE MATERIA--TÉRMINO DE MATERIA | |
| Término de materia o nombre geográfico como elemento de entrada | vent |
| 9 (RLIN) | 66395 |
| 700 ## - ENTRADA AGREGADA--NOMBRE PERSONAL | |
| Nombre de persona | Sabaté i Alentorn, Jaume |
| 9 (RLIN) | 74932 |
| 830 ## - PUNTO DE ACCESO ADICIONAL DE SERIE-TÍTULO UNIFORME | |
| Título uniforme | Meteorologia Popular; |
| Designación de volumen o secuencia | 1 |
| 9 (RLIN) | 74933 |
| 901 ## - ELEMENTOS DE DATOS A LOCAL LDA (RLIN) | |
| c | <2016> |
| 902 ## - ELEMENTOS DE DATOS B LOCAL, LDB (RLIN) | |
| a | 201028 |
| 942 ## - ELEMENTOS DE ENTRADA SECUNDARIOS (KOHA) | |
| Tipo de ítem Koha | Monografia |
| Suprimir en OPAC | No |
| Estatus retirado | Estado de pérdida | Estado de daño | No para préstamo | Biblioteca de origen | Biblioteca actual | Fecha de adquisición | Total de préstamos | Signatura topográfica completa | Código de barras | Visto por última vez | Fecha del último préstamo | Precio de reemplazo | Tipo de ítem Koha |
|---|---|---|---|---|---|---|---|---|---|---|---|---|---|
| TERMCAT | TERMCAT | 28/10/2020 | 1 | CE 18 | 16774 | 31/01/2024 | 31/01/2024 | 30/09/2021 | MO |